| 000 | 01919nmm a2200349 i 4500 | ||
|---|---|---|---|
| 007 | sd fsngnnmmned | ||
| 008 | 210320s2001 ti a 000 0 fre d | ||
| 040 |
_aEG-GiCUC _bfre _bEG-GiCUC |
||
| 041 | 1 |
_afre _heng _hdeu |
|
| 043 | _af-ti--- | ||
| 092 | 0 | 4 |
_a961.1 _bK1894 _221 |
| 099 |
_a04 _a961.1 K1894 |
||
| 245 | 0 | 0 |
_aKarthago : _bles thermes d'antonin _h[electronic resource] / _cAic̈ha Ben Abed-Ben Khader; et al. |
| 246 | 1 | 8 |
_aThermes de Carthage : _bthermes d'antonin |
| 260 |
_aTunisie : _bEdition EPM , _c2001 |
||
| 300 |
_a1 sound disc : _bdigital, stereo. ; _c 4 3/4 in. |
||
| 490 | 0 | _aCollection culture et archeologie | |
| 500 | _aCe cederom vous permet de decouvrir d une facon simple mais interactive les vestiges les plus impressionnants de carthage : les thermes d antonin leurs faubougs leurs mosaiques et leurs ornements architecturaux | ||
| 500 | _aComputer File. | ||
| 500 | _aparc archeologique | ||
| 521 | _aAll General. | ||
| 538 | _aMinimum system requirements: Microsoft Windows 98 or later; PII 300; 64 RAM; 8 MB display card running at 800 x 600 true color; 16-bit sound card.; Recommended system requirements: Microsoft Windows XP; PIII 900; 256 MB RAM; 16 MB display card running at 800 x 600 true color; 16-bit sound card. | ||
| 538 | _aSystem requirements for Windows version: IBM PC-AT or 100% compatible; minimum 640KB RAM; minimum 2 MB hard disk space available (6MB for sound); Windows 3.1 or higher; CD-ROM drive with Microsoft CD extensions 2.1 or higher; Soundblaster v. 2.0 or higher for sound (optional); Hayes compatible phone modem for ON-LINE, auto dialer support (optional). | ||
| 650 | 0 |
_aGenerals _zTunisia _zCarthage (Extinct city). |
|
| 651 | 0 |
_aTunisia _xCivilization. |
|
| 651 | 0 |
_aTunisia _xDescription and travel. |
|
| 700 | 1 | _aBen Khader, Aic̈ha ben Abed | |
| 902 | _a1 | ||
| 905 |
_aGhada _eRev. |
||
| 905 |
_ahanan _eCat. |
||
| 942 |
_2ddc _cBK |
||
| 999 |
_c159248 _d159248 |
||